000 00608nam a2200193Ia 4500
003 GCL
008 140319s9999 xx 000 0 ara d
040 _aGCL /
_cGCL
082 0 4 _a823.03
_bش ت
100 1 _aسيد جاد (مترجم)
245 1 0 _aتورتيلافلات /
_cسيد جاد (مترجم)
700 1 _aمحمد عبدالله الشفقى
700 1 _aشتاينبيك، جون
300 _a215 ص
490 _aروايات مختارة
_v0
650 0 4 _aالقصة الانجليزية المترجمة
650 0 4 _aالادب الانجليزى المترجم
942 _2ddc
_cBK
999 _c40110
_d40110